| 000 | 01852nam a22004937a 4500 | ||
|---|---|---|---|
| 001 | 000096548 | ||
| 003 | CHAP | ||
| 005 | 20220817044132.0 | ||
| 008 | 061121d2006 mx r 00110 spa d | ||
| 010 | _a93014 | ||
| 011 | _a93986 | ||
| 035 | _a104569 | ||
| 040 | _cCHAP | ||
| 090 | _aTesis | ||
| 100 | 1 |
_aPeralta Aban, Julia Angela _987011 |
|
| 245 | 1 | 0 |
_aEvaluación del tamaño del huevo de reproductoras adultas sobre la pérdidas de humedad del huevo y calidad del pollito Ross 308 / _c/por Julia Angela Peralta Aban y David Alcantar Nava. |
| 260 |
_aChapingo, Méx. : _bEl autor, _c2006. |
||
| 300 |
_a40 h. : _bilus.; gráfs.; cuadros. |
||
| 502 | _aTesis (Ing. Agr. Esp. en Zootecnia) - - UACH. Departamento de Zootecnia | ||
| 590 |
_aALEPH _b10 _c20130110 _lUCH01 _h1514 |
||
| 590 |
_aBATCH-UPD _b10 _c20130110 _lUCH01 _h0806 |
||
| 590 |
_aBATCH-UPD _b10 _c20130410 _lUCH01 _h0444 |
||
| 590 |
_aBATCH-UPD _b10 _c20130913 _lUCH01 _h2350 |
||
| 590 |
_aBATCH-UPD _b10 _c20130914 _lUCH01 _h1626 |
||
| 590 |
_aBATCH-UPD _b10 _c20140324 _lUCH01 _h1459 |
||
| 590 |
_aBATCH-UPD _b10 _c20141002 _lUCH01 _h0832 |
||
| 590 |
_aBATCH _b00 _c20181121 _lUCH01 _h0758 |
||
| 590 |
_aCONVERSION _b10 _c20130109 _lUCH01 _h1351 |
||
| 590 |
_aE792CSJ _b10 _c20130606 _lUCH01 _h1230 |
||
| 650 | 0 | 4 |
_aAvicultura _xMéxico. |
| 650 | 1 | 4 |
_aAves de corral _xReproducción. _98680 |
| 650 | 1 | 4 |
_aCaracterísticas del huevo. _918766 |
| 650 | 1 | 4 |
_aHuevos _xAnálisis. _956739 |
| 650 | 1 | 4 |
_aHuevos _xCalidad. _956742 |
| 700 | 1 |
_aAlcantar Nava, David _93557 |
|
| 856 |
_3Finding aid _uhttp://10.13.5.2/tesis/104569.pdf _zTeclea aquí |
||
| 856 |
_a1 _n0000176 |
||
| 901 | _aBK | ||
| 905 | _aElisama A. H. | ||
| 942 | _cCD | ||
| 942 | _n0 | ||
| 949 |
_aTesis _bBC _cTES _d33724002007496 _eTS2 _fc.2 _h45880 _i104569 _sb |
||
| 949 |
_aTesis _bBC _cTES _d33724002007538 _eTS1 _h45879 _i104569 _sb |
||
| 999 |
_c93014 _d93014 |
||